| 000 | 01158nam0a22002771 4500 | ||
|---|---|---|---|
| 001 | rc\7226 | ||
| 005 | 20260407102709.0 | ||
| 035 | _a(NLR Aleph) 008754034 | ||
| 090 |
_a7825001 _c7825001 |
||
| 100 | _a20021204d1991 |||y0rusy50 ca | ||
| 101 | 0 | _arus | |
| 102 | _aRU | ||
| 105 | _ay ||||||||| | ||
| 200 | 1 |
_aАКТУАЛЬНЫЕ вопросы аутотрансфузии крови и ее компонентов _eТез. докл. науч. конф., 29-30 окт. 1991 г. _fВоен.-мед. акад. им. С.М. Кирова _g[Гл. ред. Яковлев Г.М.] |
|
| 210 |
_aСПб. _cБ. и. _d1991 |
||
| 215 |
_a51 с. _d20 |
||
| 606 | 1 |
_aПереливание крови _jСъезды, совещания и т.п. _2nlr_sh1 |
|
| 702 | 1 |
_aЯковлев _bГ.М. _4340 |
|
| 711 | 0 | 2 |
_aВоенно-медицинская академия им. С. М. Кирова _cЛенинград _bНаучная конференция _f1991 _3RU\NLR\AUTH\8810057616 _9616201 |
| 801 | 0 |
_aRU _bNLR _gpsbo |
|
| 801 | 1 |
_aRU _bELAR _2rusmarc |
|
| 801 | 2 |
_aRU _bNLR _c20050423 _2rusmarc |
|
| 852 |
_aNLR _j94-4/2179 |
||
| 942 | _cBOOK | ||
| 980 | _aNB | ||